Top 3 Countries in Every Olympic Sport - Statistics

General Stats
  • This quiz has been taken 3,331 times
  • The average score is 26 of 32
Answer Stats
Sports Country % Correct
Aquatics, athletics, +22 others United States
100%
Curling, ice hockey, +3 others Canada
98%
Badminton, table tennis, weightlifting, +4 others China
98%
Cycling, equestrian, +9 others France
98%
Biathlon, cross-country skiing, +5 others Norway
98%
Cycling, sailing, +9 others Great Britain
97%
Judo, skateboarding, +4 others Japan
97%
Cross-country skiing, equestrian, +2 others Sweden
97%
Aquatics, field hockey, skateboarding Australia
96%
Bobsleigh, equestrian, +8 others Germany
96%
Figure skating Russia
96%
Cycling, fencing, +2 others Italy
94%
Alpine skiing, ski jumping, snowboarding Austria
93%
Skateboarding, surfing, volleyball Brazil
93%
Nordic combined, ski jumping Finland
93%
Archery, taekwondo, +4 others South Korea
93%
Alpine skiing, bobsleigh, +3 others Switzerland
92%
Rugby sevens, golf New Zealand
89%
Field hockey, speed skating Netherlands
88%
Field hockey India
85%
Handball Denmark
84%
Sport climbing Poland
82%
Archery Belgium
81%
Modern pentathlon, football, +2 others Hungary
70%
Gymnastics, volleyball, +8 others Soviet Union
70%
Badminton Indonesia
64%
Boxing Cuba
57%
Basketball Yugoslavia
55%
Taekwondo Iran
53%
Aquatics, luge, rowing East Germany
51%
Sport climbing Slovenia
48%
Rugby sevens Fiji
37%
No matching quizzes found
Score Distribution
Percent of People with Each Score
Percentile by Number Answered
Your Score History
You have not taken this quiz